000 00596nam a2200181 a 4500
005 20220330083724.0
008 991125s1930 es 000 0 spa u
035 _aUPN01000026000
049 _aLT
050 4 _aLB1653 M6
_bG3.3
100 1 _aGalindo y Villa, Jesús,
_d1867-1937
_928502
245 1 0 _aGeografía de México /
_cJesús Galindo y Villa.
260 _aBarcelona [Esp.] :
_bLabor,
_c1930.
300 _a223 p. :
_bil., mapas col.
440 0 _aLabor.
_pBiblioteca de iniciación cultural.
_pGeografía ;
_v275
650 4 _aGEOGRAFIA -
_xESTUDIO Y ENSEÑANZA -
_zMEXICO
905 _aLibro
999 _c26000
_d26000